Fibromyalgie a chronický únavový syndróm

Bibliographic Details
Main Author: Hrnčíř, Zbyněk, 1933- (Author)
Format: Article
Language:Slovak
Czech
PhysicalDescription:Obr. 2, res. angl., slov., lit. 19 zázn. v angl.
Subjects:

MARC

LEADER 00000nab a2200000 a 4500
001 vtls000570760
003 SK-MaSNL
005 20260304090037.0
008 250425c1995 xo 0 slo
015 |a SNBRB19rr/mm-uuuuu 
035 |a CL0570898 
035 |a urn:nbn:sk:snk-ab6tjl 
035 |a (uuid)6d70707a-27c2-4dd1-b8a7-c043b3efd62b 
035 |a (urnnbn)urn:nbn:sk:snk:ar-a05r33 
035 |a (sysno)vtls000570760 
040 |a SNKBUCL  |b slo  |c SNKBUCL  |e AACR2 
041 0 |a cze 
044 |a xo  |c SK 
080 |a 616.74:616.8-009.17  |2 1981 
080 |a 616.8-009.17  |2 1981 
100 1 |a Hrnčíř, Zbyněk,  |d 1933-  |4 aut  |9 12691 
245 1 0 |a Fibromyalgie a chronický únavový syndróm  |c Z. Hrnčíř 
300 |b Obr. 2, res. angl., slov., lit. 19 zázn. v angl. 
650 0 7 |a fibromyalgia  |2 snkbucl  |9 18055 
650 0 7 |a syndróm únavový chronický  |2 snkbucl  |9 853833 
655 7 |a články z novín a časopisov  |2 snkbucl  |9 267496 
773 0 |t Rheumatologia  |g Roč. 9, č. 3 (1995), s. 169-174 
850 |a Slovenská národná knižnica 
852 |a Slovenská národná knižnica 
958 |a article27 
958 |a NB 
958 |a RK 
958 |a MI 
958 |a OND 
958 |a EUIPO 
992 |a RBX 
999 |c 2810149  |d 2812079